Štátne kúpele Piešťany

Zobrazenie: Pohľad z Kolonádového mosta na lavičky vľavo v popredí, umiestnené popod múry a pod strechou na ňom. Vpravo vidno kovové zábradlie, za ním rieku Váh. Vľavo v pozadí vidno na moste dve osoby. Vpravo v pozadí je na brehu vidno poschodové budovy, medzi nimi husté, vysoké listnaté stromy...

Full description

Bibliographic Details
Format: Postcard
Language:Slovak
PhysicalDescription:1 pohľadnica čiernobiela 11 x 15 cm
Published: Martin Bratislava Osveta, n. p. PŠK-HSV 1957
Subjects:

MARC

LEADER 00000nkm a2200000 a 4500
001 vtls011991215
003 SK-MaSNL
005 20260512124354.0
007 kp bo
008 231120s1957 xo g kuslo
015 |a SNBG1957 
035 |a urn:nbn:sk:snk-km00eimk 
035 |a urn:nbn:sk:snk-km45wuj 
035 |a B07F72BD-183D-4AD8-8D6C-77712182EE37 
040 |a SNK  |b slo  |c SNK  |e AACR2 
041 0 |a slo 
043 |a e-xo--- 
044 |a xo  |c SK 
072 7 |a 913  |x Regionálna geografia  |2 konspekt 
080 |a 913(437.6)  |2 2011 
080 |a 624.21/.8  |2 2011 
080 |a (084.121)  |2 2011 
080 |a 725.95  |2 2011 
080 |a 556.53  |2 2011 
080 |a 502.51  |2 2011 
080 |a 721  |2 2011 
080 |a 625.745.1  |2 2011 
245 0 0 |a Štátne kúpele Piešťany  |h grafika 
260 |a Martin  |b Osveta, n. p.  |a Bratislava  |b PŠK-HSV  |c 1957 
300 |a 1 pohľadnica  |b čiernobiela  |c 11 x 15 cm 
520 8 |a Zobrazenie: Pohľad z Kolonádového mosta na lavičky vľavo v popredí, umiestnené popod múry a pod strechou na ňom. Vpravo vidno kovové zábradlie, za ním rieku Váh. Vľavo v pozadí vidno na moste dve osoby. Vpravo v pozadí je na brehu vidno poschodové budovy, medzi nimi husté, vysoké listnaté stromy 
650 0 7 |a mosty  |2 SNKPH  |9 3015 
650 0 7 |a rieky  |2 SNKPH  |9 29644 
650 0 7 |a budovy  |2 SNKPH  |9 1283 
651 7 |a Kolonádový most (Piešťany, Slovensko)  |2 SNKPHgeo  |9 147465 
651 7 |a Váh (Slovensko : rieka)  |2 SNKPHgeo  |9 59387 
651 7 |a Piešťany (Slovensko)  |2 SNKPHgeo  |9 23981 
655 7 |a miestne pohľadnice  |2 SNKPH  |9 70510 
852 |a Slovenská národná knižnica 
958 |a GC 
958 |a GBN 
958 |a OND 
958 |a EUIPO 
999 |c 867656  |d 869586 
952 |a SNK  |b SNK  |y PREZ  |7 0  |p 17A1380375  |o snkSP 119872  |0 0  |1 0  |4 0  |d 2020-09-08  |f 1  |l 0  |r 2026-02-24 05:32:11  |w 2026-02-24 
952 |a SNK  |b SNK  |y PREZ  |7 0  |p 17A1380384  |o snkSP 119872 D1  |0 0  |1 0  |4 0  |d 2020-09-08  |l 0  |r 2026-02-24 05:32:11  |w 2026-02-24